[Event "Heusenstamm Sparkassen op-B 6th"]
[Site "Heusenstamm"]
[Date "2019.11.23"]
[Round "4"]
[White "Haefner, Guenther"]
[Black "Welker, Alexandra"]
[Result "1/2-1/2"]
[WhiteElo "1323"]
[BlackElo "1441"]
[PlyCount "33"]
[EventDate "2019.11.21"]
[EventType "swiss"]
[EventRounds "7"]
[EventCountry "GER"]
[SourceTitle "CBM 194 Extra"]
[Source "ChessBase"]
[SourceDate "2020.03.31"]
[SourceVersion "1"]
[SourceVersionDate "2020.03.31"]
[SourceQuality "1"]

1. e4 e5 2. Nf3 Nc6 3. d4 exd4 4. Nxd4 Bc5 5. Be3 Qf6 6. c3 Nxd4 7. Bxd4 Bxd4 8. Qxd4 Qxd4 9. cxd4 d6 10. Nc3 Ne7 11. Nb5 Kd7 12. Rc1 c6 13. Nc3 Kd8 14. Be2 Re8 15. 0-0 Be6 16. b3 d5 17. e5 1/2-1/2

[Event "Heusenstamm Sparkassen op-B 6th"]
[Site "Heusenstamm"]
[Date "2019.11.21"]
[Round "1"]
[White "Haefner, Guenther"]
[Black "Ramien, Hannah"]
[Result "1/2-1/2"]
[WhiteElo "1323"]
[BlackElo "1429"]
[PlyCount "45"]
[EventDate "2019.11.21"]
[EventType "swiss"]
[EventRounds "7"]
[EventCountry "GER"]
[SourceTitle "CBM 194 Extra"]
[Source "ChessBase"]
[SourceDate "2020.03.31"]
[SourceVersion "1"]
[SourceVersionDate "2020.03.31"]
[SourceQuality "1"]

1. e4 e5 2. Nf3 Nc6 3. d4 exd4 4. Nxd4 Bb4+ 5. c3 Bc5 6. b4 Bxd4 7. cxd4 Nxb4 8. Qb3 Nc6 9. Be3 Qe7 10. Nd2 Nf6 11. Bg5 Nxd4 12. Qc4 Nc6 13. Be2 Qe5 14. Bxf6 Qxf6 15. 0-0 0-0 16. Nf3 b6 17. Bd3 Bb7 18. Rae1 Qe6 19. Qa4 a5 20. e5 Nb4 21. Bxh7+ Kh8 22. Be4 c6 23. Ra1 1/2-1/2

[Event "Frankfurt-chB"]
[Site "Frankfurt"]
[Date "2018.06.04"]
[Round "5"]
[White "Czinkota, Michael"]
[Black "Haefner, Guenther"]
[Result "1-0"]
[WhiteElo "1233"]
[BlackElo "1100"]
[PlyCount "83"]
[EventDate "2018.04.30"]
[EventType "swiss"]
[EventRounds "7"]
[EventCountry "GER"]
[SourceTitle "EXT 2019"]
[Source "ChessBase"]
[SourceDate "2018.10.10"]
[SourceVersion "1"]
[SourceVersionDate "2018.10.10"]
[SourceQuality "1"]

1. e4 d5 2. exd5 Qxd5 3. Nc3 Qa5 4. d4 c6 5. Bd2 Bf5 6. Nf3 Qc7 7. a3 Nf6 8. Bc4 e6 9. 0-0 Nbd7 10. Re1 0-0-0 11. Ne2 Nb6 12. Bf4 Bd6 13. Bxd6 Rxd6 14. Bd3 Bxd3 15. Qxd3 Rhd8 16. c3 h6 17. a4 g5 18. a5 Nbd5 19. a6 b6 20. c4 Nf4 21. Nxf4 gxf4 22. Qc3 Nd7 23. b4 c5 24. dxc5 bxc5 25. b5 Nb6 26. Reb1 Rd3 27. Qc2 e5 28. Rc1 f6 29. Ne1 R3d6 30. Ra3 Qf7 31. Nf3 Qd7 32. h3 Rd1+ 33. Kh2 e4 34. Rxd1 Qxd1 35. Qxe4 Qd7 36. Rd3 Qc7 37. Qb7+ Qxb7 38. axb7+ Kb8 39. Rxd8+ Kxb7 40. Rd6 Nxc4 41. Rxf6 h5 42. Rxf4 1-0

[Event "Frankfurt-chB"]
[Site "Frankfurt"]
[Date "2018.05.28"]
[Round "4"]
[White "Haefner, Guenther"]
[Black "Grimm, Heinz Peter"]
[Result "0-1"]
[WhiteElo "1100"]
[BlackElo "1402"]
[PlyCount "98"]
[EventDate "2018.04.30"]
[EventType "swiss"]
[EventRounds "7"]
[EventCountry "GER"]
[SourceTitle "EXT 2019"]
[Source "ChessBase"]
[SourceDate "2018.10.10"]
[SourceVersion "1"]
[SourceVersionDate "2018.10.10"]
[SourceQuality "1"]

1. e4 c5 2. d4 cxd4 3. Qxd4 Nc6 4. Qe3 e5 5. Nf3 Qc7 6. Bc4 Nf6 7. h3 d6 8. Bd2 Be7 9. Na3 a6 10. 0-0 0-0 11. Rad1 h6 12. Bb3 b5 13. c4 b4 14. Nc2 a5 15. a4 Bb7 16. Nh4 Nd8 17. f3 d5 18. Qe1 dxc4 19. Bxc4 Qxc4 20. Ne3 Bc5 21. Kh1 Bxe3 22. Bxe3 Ne6 23. Nf5 Rfe8 24. Nd6 Qc6 25. Nxe8 Rxe8 26. b3 Nf4 27. Kh2 Ba6 28. Rf2 Nd3 29. Rxd3 Bxd3 30. Rd2 Ba6 31. Qg3 Kf8 32. Qf2 Nd7 33. Rc2 Qe6 34. Rc7 Rc8 35. Ra7 Qc6 36. f4 Rc7 37. Rxc7 Qxc7 38. f5 Bb7 39. Qh4 Nf6 40. g4 Qc2+ 41. Kg1 Bxe4 42. Bf2 Qd1+ 43. Be1 Qf3 44. Qg3 Qxg3+ 45. Bxg3 Nd7 46. Be1 Bc2 47. Bd2 Bxb3 48. g5 h5 49. Kf1 Bxa4 0-1

[Event "Frankfurt-chB"]
[Site "Frankfurt"]
[Date "2018.04.30"]
[Round "1"]
[White "Winter, Thomas"]
[Black "Haefner, Guenther"]
[Result "0-1"]
[WhiteElo "1345"]
[BlackElo "1100"]
[PlyCount "94"]
[EventDate "2018.04.30"]
[EventType "swiss"]
[EventRounds "7"]
[EventCountry "GER"]
[SourceTitle "EXT 2019"]
[Source "ChessBase"]
[SourceDate "2018.10.10"]
[SourceVersion "1"]
[SourceVersionDate "2018.10.10"]
[SourceQuality "1"]

1. e4 d5 2. exd5 Qxd5 3. Nf3 Nf6 4. Nc3 Qa5 5. d4 c6 6. Bd2 Qc7 7. Bc4 Bg4 8. h3 Bh5 9. g4 Bg6 10. Ne5 e6 11. Nxg6 hxg6 12. Qf3 Nbd7 13. 0-0-0 0-0-0 14. Kb1 Nb6 15. Bf4 Bd6 16. Bb3 Bxf4 17. Ne2 Bd6 18. g5 Nfd5 19. c4 Nf4 20. c5 Nxe2 21. Qxe2 Bf4 22. cxb6 Qxb6 23. Qe4 Bxg5 24. Rd3 Rd7 25. Rhd1 Rh4 26. Qe5 Bf6 27. Qe3 e5 28. Bxf7 Rxf7 29. Rb3 Qc7 30. dxe5 Qxe5 31. Qxa7 Qb8 32. Qe3 Re7 33. Qd3 Rd4 34. Qc2 Rxd1+ 35. Qxd1 Qe5 36. Qg4+ Qf5+ 37. Kc1 Qxg4 38. hxg4 Re2 39. f3 Kc7 40. a4 Rf2 41. Kb1 Rd2 42. Rb4 Rd5 43. Re4 Re5 44. Rc4 Kb6 45. Kc2 Rc5 46. Kb3 Rxc4 47. Kxc4 Bxb2 0-1

[Event "Frankfurt-chB"]
[Site "Frankfurt"]
[Date "2017.06.12"]
[Round "7"]
[White "Haefner, Guenther"]
[Black "Nebel, Marcel"]
[Result "0-1"]
[WhiteElo "940"]
[BlackElo "1191"]
[PlyCount "78"]
[EventDate "2017.04.24"]
[EventType "swiss"]
[EventRounds "7"]
[EventCountry "GER"]
[SourceTitle "EXT 2018"]
[Source "ChessBase"]
[SourceDate "2017.10.13"]
[SourceVersion "1"]
[SourceVersionDate "2017.10.13"]
[SourceQuality "1"]

1. e4 e6 2. d4 d5 3. Nd2 c5 4. c3 Nc6 5. Ngf3 Qb6 6. Nb3 dxe4 7. dxc5 Bxc5 8. Nfd4 Nxd4 9. Nxd4 Nf6 10. b4 Bxd4 11. cxd4 Qxb4+ 12. Qd2 Nd5 13. Be2 0-0 14. 0-0 Qxd2 15. Bxd2 Bd7 16. Rab1 b6 17. a3 Rfc8 18. Ba6 Rc2 19. Bb4 Bc8 20. Bb5 a6 21. Ba4 Rc4 22. Rfd1 a5 23. Bb3 Rc6 24. Be1 Ba6 25. Ba4 Rd6 26. Rdc1 Nf4 27. Rd1 Ne2+ 28. Kh1 Nxd4 29. Bc3 e5 30. f4 f6 31. Bb3+ Kf8 32. Bc2 e3 33. fxe5 fxe5 34. Bxh7 Ke7 35. Bd3 e2 36. Rd2 Bxd3 37. Rxd3 Rf8 38. Kg1 Rdf6 39. h3 Rf1+ 0-1

[Event "Frankfurt-chB"]
[Site "Frankfurt"]
[Date "2017.05.22"]
[Round "5"]
[White "Haefner, Guenther"]
[Black "Manasek, Martin"]
[Result "1/2-1/2"]
[WhiteElo "940"]
[BlackElo "1362"]
[PlyCount "43"]
[EventDate "2017.04.24"]
[EventType "swiss"]
[EventRounds "7"]
[EventCountry "GER"]
[SourceTitle "EXT 2018"]
[Source "ChessBase"]
[SourceDate "2017.10.13"]
[SourceVersion "1"]
[SourceVersionDate "2017.10.13"]
[SourceQuality "1"]

1. e4 c5 2. Nf3 Nc6 3. d4 cxd4 4. Nxd4 a6 5. Nc3 e5 6. Nf3 Nf6 7. Bd3 Be7 8. 0-0 0-0 9. Nd5 d6 10. h3 Be6 11. c4 Nd7 12. Be3 Nc5 13. Rc1 Bxd5 14. cxd5 Na7 15. Bb1 Nb5 16. Qd2 Rc8 17. b4 Na4 18. Bc2 Nbc3 19. Bxa4 Nxa4 20. Rxc8 Qxc8 21. Rc1 Qd7 22. a3 1/2-1/2

[Event "Frankfurt-chB"]
[Site "Frankfurt"]
[Date "2017.05.02"]
[Round "2"]
[White "Haefner, Guenther"]
[Black "Barth, Horst"]
[Result "1-0"]
[WhiteElo "940"]
[BlackElo "1292"]
[PlyCount "49"]
[EventDate "2017.04.24"]
[EventType "swiss"]
[EventRounds "7"]
[EventCountry "GER"]
[SourceTitle "EXT 2018"]
[Source "ChessBase"]
[SourceDate "2017.10.13"]
[SourceVersion "1"]
[SourceVersionDate "2017.10.13"]
[SourceQuality "1"]

1. e4 e5 2. Nf3 Nc6 3. d4 d6 4. Bc4 Be7 5. Nc3 a6 6. 0-0 Bg4 7. Be3 exd4 8. Bxd4 Nxd4 9. Qxd4 Bf6 10. Qe3 Nh6 11. e5 Bg5 12. Nxg5 Bh5 13. exd6+ Kf8 14. Qe7+ Qxe7 15. dxe7+ Kxe7 16. Rfe1+ Kf8 17. f4 Rd8 18. Rad1 Rxd1 19. Nxd1 f6 20. Ne6+ Ke7 21. Nxg7+ Kd6 22. Nxh5 Kc5 23. b3 Rd8 24. Nxf6 Rd2 25. Ne4+ 1-0

[Event "Heusenstamm Sparkassen op-B 3rd"]
[Site "Heusenstamm"]
[Date "2016.11.27"]
[Round "7"]
[White "Haefner, Guenther"]
[Black "Lachmann, Irma"]
[Result "1/2-1/2"]
[WhiteElo "892"]
[BlackElo "734"]
[PlyCount "48"]
[EventDate "2016.11.27"]
[EventType "swiss"]
[EventRounds "7"]
[EventCountry "GER"]
[SourceTitle "EXT 2018"]
[Source "ChessBase"]
[SourceDate "2017.10.13"]
[SourceVersion "1"]
[SourceVersionDate "2017.10.13"]
[SourceQuality "1"]

1. d4 b6 2. Nf3 Bb7 3. c4 e6 4. a3 Nf6 5. Nc3 d5 6. e3 Nbd7 7. Bd3 c5 8. 0-0 Qc7 9. Re1 g6 10. Qc2 Bg7 11. e4 Ng4 12. Nb5 Qb8 13. e5 h5 14. Nd6+ Kf8 15. Qa4 Qc7 16. Ng5 Nh6 17. Qc2 Qc6 18. Bxg6 fxg6 19. Nxb7 Qxb7 20. Nxe6+ Kf7 21. Ng5+ Ke7 22. Qxg6 Rae8 23. Qd6+ Kd8 24. Nf7+ Nxf7 1/2-1/2

[Event "Heusenstamm Sparkassen op-B 3rd"]
[Site "Heusenstamm"]
[Date "2016.11.27"]
[Round "5"]
[White "Haefner, Guenther"]
[Black "Lambrecht, Harald"]
[Result "1/2-1/2"]
[WhiteElo "892"]
[BlackElo "1427"]
[PlyCount "44"]
[EventDate "2016.11.27"]
[EventType "swiss"]
[EventRounds "7"]
[EventCountry "GER"]
[SourceTitle "EXT 2018"]
[Source "ChessBase"]
[SourceDate "2017.10.13"]
[SourceVersion "1"]
[SourceVersionDate "2017.10.13"]
[SourceQuality "1"]

1. d4 d5 2. Nf3 Nf6 3. e3 c6 4. c4 dxc4 5. Bxc4 b5 6. Bb3 Bf5 7. Ne5 e6 8. 0-0 Nfd7 9. f4 Nxe5 10. fxe5 Be7 11. Nd2 0-0 12. Qf3 Qb6 13. a3 Nd7 14. Ba2 c5 15. Nb3 cxd4 16. exd4 a5 17. Be3 a4 18. Nd2 Qa6 19. Qg3 Bg6 20. h4 h5 21. Bb1 Bxb1 22. Raxb1 f5 1/2-1/2

[Event "Frankfurt-chB"]
[Site "Frankfurt"]
[Date "2016.06.13"]
[Round "7"]
[White "Lachmann, Irma"]
[Black "Haefner, Guenther"]
[Result "1/2-1/2"]
[WhiteElo "743"]
[BlackElo "845"]
[PlyCount "50"]
[EventDate "2016.04.25"]
[EventType "swiss"]
[EventRounds "9"]
[EventCountry "GER"]
[SourceTitle "EXT 2018"]
[Source "ChessBase"]
[SourceDate "2017.10.13"]
[SourceVersion "1"]
[SourceVersionDate "2017.10.13"]
[SourceQuality "1"]

1. Nf3 d5 2. d4 c6 3. g3 Bf5 4. Bg2 e6 5. 0-0 Nd7 6. Nbd2 Ngf6 7. h3 Be4 8. c3 Bd6 9. a3 0-0 10. b4 Bxf3 11. Bxf3 Ne4 12. Bxe4 dxe4 13. Nxe4 Be7 14. Kg2 f5 15. Nc5 Bxc5 16. bxc5 Nf6 17. f3 Nd5 18. Bd2 Qc7 19. Rb1 Nf6 20. f4 Ne4 21. Qe1 Qd7 22. Bc1 Rab8 23. Rh1 Qd5 24. Kh2 Rf6 25. Rg1 Rg6 1/2-1/2

[Event "Frankfurt-chB"]
[Site "Frankfurt"]
[Date "2016.05.09"]
[Round "3"]
[White "Haefner, Guenther"]
[Black "Urbach, Jens"]
[Result "0-1"]
[WhiteElo "845"]
[BlackElo "1417"]
[PlyCount "138"]
[EventDate "2016.04.25"]
[EventType "swiss"]
[EventRounds "9"]
[EventCountry "GER"]
[SourceTitle "EXT 2018"]
[Source "ChessBase"]
[SourceDate "2017.10.13"]
[SourceVersion "1"]
[SourceVersionDate "2017.10.13"]
[SourceQuality "1"]

1. d4 Nf6 2. Nd2 d5 3. Ngf3 e6 4. b3 c5 5. e3 cxd4 6. exd4 Bd6 7. c4 b6 8. Be2 0-0 9. 0-0 Bb7 10. Bb2 Nbd7 11. Rc1 Qc7 12. Ne5 Nxe5 13. dxe5 Bxe5 14. Bxe5 Qxe5 15. Nf3 Qd6 16. Qd4 Rac8 17. Ne5 Qc5 18. Rfd1 Qxd4 19. Rxd4 Rfd8 20. Rcd1 g6 21. Bf3 Rc7 22. b4 a6 23. a3 Nd7 24. Nxd7 Rcxd7 25. cxd5 exd5 26. Bg4 f5 27. Bf3 Rd6 28. Rc1 Rc6 29. Rxc6 Bxc6 30. h3 Kg7 31. Be2 b5 32. f4 h6 33. Kf2 Kf6 34. h4 g5 35. g3 g4 36. Bf1 h5 37. Bg2 Ke6 38. Rd3 Kd6 39. Ke3 Re8+ 40. Kf2 Ra8 41. Ke3 a5 42. Kd4 axb4 43. axb4 Ra2 44. Bf1 Ra1 45. Be2 Rc1 46. Rd1 Rc2 47. Bf1 Rf2 48. Re1 Rf3 49. Bd3 Rxg3 50. Bxf5 Rf3 51. Re6+ Kc7 52. Kc5 Rc3+ 53. Kd4 Rc4+ 54. Kd3 Rxb4 55. Ke3 g3 56. Rg6 d4+ 57. Kd3 Ra4 58. Be4 Bxe4+ 59. Kxe4 d3+ 60. Ke3 d2 61. Kxd2 Rxf4 62. Rxg3 Rxh4 63. Rg6 Rh3 64. Kc2 h4 65. Rh6 b4 66. Kb2 Rh1 67. Rg6 h3 68. Rh6 h2 69. Kb3 Rb1+ 0-1

[Event "Frankfurt-chB"]
[Site "Frankfurt"]
[Date "2016.04.25"]
[Round "1"]
[White "Haefner, Guenther"]
[Black "Giebitz, Walter"]
[Result "0-1"]
[WhiteElo "845"]
[BlackElo "1326"]
[PlyCount "90"]
[EventDate "2016.04.25"]
[EventType "swiss"]
[EventRounds "9"]
[EventCountry "GER"]
[SourceTitle "EXT 2018"]
[Source "ChessBase"]
[SourceDate "2017.10.13"]
[SourceVersion "1"]
[SourceVersionDate "2017.10.13"]
[SourceQuality "1"]

1. d4 d5 2. e3 Nf6 3. Nf3 a6 4. c4 dxc4 5. Bxc4 Bg4 6. Nbd2 Nc6 7. a3 e6 8. Qb3 b5 9. Be2 Na5 10. Qd3 c5 11. Ne5 Bxe2 12. Qxe2 cxd4 13. Ndf3 Nb3 14. Rb1 Rc8 15. 0-0 Bc5 16. Rd1 0-0 17. Rd3 Qd5 18. Qd1 Nxc1 19. Rxc1 Qe4 20. exd4 Bd6 21. Rdc3 Rxc3 22. Rxc3 Bxe5 23. Nxe5 Nd5 24. Rf3 Nf4 25. g3 Ne2+ 26. Kg2 Nxd4 27. Nd3 Qxf3+ 28. Qxf3 Nxf3 29. Kxf3 Rd8 30. Ke3 f5 31. h4 Kf7 32. Nc5 Rd6 33. Nd3 h5 34. Nf4 g6 35. Nd3 Kf6 36. Nc5 e5 37. f3 a5 38. g4 Rd1 39. Nd3 Rh1 40. Kf2 Rxh4 41. Kg3 Rh1 42. Kg2 Rd1 43. Nc5 Rd2+ 44. Kg3 Rxb2 45. Nd3 Rb3 0-1

[Event "Frankfurt-chB"]
[Site "Frankfurt"]
[Date "2015.06.15"]
[Round "7"]
[White "Winter, Thomas"]
[Black "Haefner, Guenther"]
[Result "1-0"]
[WhiteElo "1238"]
[BlackElo "780"]
[PlyCount "105"]
[EventDate "2015.04.27"]
[EventType "swiss"]
[EventRounds "7"]
[EventCountry "GER"]
[SourceTitle "EXT 2016"]
[Source "ChessBase"]
[SourceDate "2015.10.08"]
[SourceVersion "1"]
[SourceVersionDate "2015.10.08"]
[SourceQuality "1"]

1. e4 Nc6 2. Nf3 d6 3. d4 e6 4. Nc3 a6 5. Be3 b5 6. a3 d5 7. e5 Nge7 8. g4 g6 9. Nd2 Bg7 10. f4 Na5 11. Qf3 0-0 12. 0-0-0 Nc4 13. h4 Nxe3 14. Qxe3 Bb7 15. Ne2 Qd7 16. Nb3 Bc8 17. Nc5 Qc6 18. h5 Qe8 19. hxg6 fxg6 20. Qh3 Kf7 21. Bg2 c6 22. Rdf1 Rh8 23. Qd3 h5 24. gxh5 Rxh5 25. Rxh5 gxh5 26. Bh3 Nf5 27. Rg1 h4 28. Bxf5 exf5 29. Rh1 Be6 30. Rxh4 Qe7 31. Rh3 Rh8 32. Ng1 a5 33. Qc3 Rxh3 34. Nxh3 Qh4 35. Ng5+ Kg8 36. Ngxe6 Qh1+ 37. Kd2 Qg2+ 38. Ke1 Qg1+ 39. Kd2 Qg2+ 40. Kd1 Qf1+ 41. Qe1 Qf3+ 42. Kc1 Bh6 43. Nd3 Kf7 44. Qh4 Kg6 45. Qf6+ Kh7 46. Ng5+ Bxg5 47. Qxg5 Qf1+ 48. Kd2 Qh3 49. e6 Qh2+ 50. Kc3 Qe2 51. Qe7+ Kg6 52. Ne5+ Kh5 53. Qg5# 1-0